Statistics for Countries That Touch the Baltic Sea

Click here to take the quiz!

General Stats

  • This quiz has been taken 40,974 times
    (40,973 since last reset)
  • The average score is 8 of 9

Answer Stats

Country% Correct
Russia
97%
Estonia
96%
Finland
96%
Latvia
95%
Sweden
95%
Lithuania
94%
Poland
92%
Denmark
91%
Germany
91%

Score Distribution

Percentile by Number Answered

Percent of People with Each Score

Your Score History

You have not taken this quiz since the last reset